| 000 | 00517nam a22001697a 4500 | ||
|---|---|---|---|
| 003 | SGT | ||
| 020 | _a9781107567450 | ||
| 082 | _a547.2,CAR | ||
| 100 | _aCARRUTHERS,WILLIAM | ||
| 245 | _aMODERN METHODS OF ORGANIC SYNTHESIS | ||
| 250 | _a4TH | ||
| 260 |
_aNEW DELHI _bCAMBRIDGE _c2015 |
||
| 300 | _a493 | ||
| 650 | _aORGANIC CHEMICAL REACTION | ||
| 653 | _aMAIN-GROUP CHEMISTRY,FORMATION OF CARBON-CARBON DOUBLE BONDS,PERICYCLIC REACTIONS,RADICAL AND CARBENE CHEMISTRY,OXIDATION,REDUCTION, | ||
| 942 |
_2ddc _cFPS _025 |
||
| 999 |
_c9298 _d9298 |
||